Advertising Basics:A Resouce Guide For Beginners/ (Record no. 177688)

MARC details
000 -LEADER
fixed length control field 00509nam a22001697a 4500
005 - DATE AND TIME OF LATEST TRANSACTION
control field 20210225150655.0
010 ## - LCCN (DPL NO)
LC control number B-127846
020 ## - INTERNATIONAL STANDARD BOOK NUMBER
Terms of availability 295.00
035 ## - SYSTEM CONTROL NUMBER
System control number B-127846
082 ## - DEWEY DECIMAL CLASSIFICATION NUMBER
Classification number 659.1 VIL
100 ## - MAIN ENTRY--PERSONAL NAME
Personal name Vilanilam, J.V.
245 ## - TITLE STATEMENT
Title Advertising Basics:A Resouce Guide For Beginners/
Statement of responsibility, etc J.V.Vilanilam and A.K..Varghese
Remainder of title
260 ## - PUBLICATION, DISTRIBUTION, ETC. (IMPRINT)
Place of publication, distribution, etc New Delhi
Name of publisher, distributor, etc Response Books
Date of publication, distribution, etc 2004
270 ## - ADDRESS
Address Response Books
City New Delhi
300 ## - PHYSICAL DESCRIPTION
Extent 200p.
Dimensions 24 cm(HBK)
942 ## - ADDED ENTRY ELEMENTS (KOHA)
Source of classification or shelving scheme Dewey Decimal Classification
Item type English Books
Classification part 691.1
Call number suffix VIL
Holdings
Withdrawn status Lost status Not for loan Collection code Home library Current library Date acquired Cost, normal purchase price Full call number Barcode Cost, replacement price Koha item type
      Non-fiction Central Library Central Library 25/02/2021 295.00 691.1 VIL B-127846 295.00 English Books

© Delhi Public Library
Hit Counter
free hit counter